Library Banner

Mothering and ambivalence (Record no. 62886)

MARC details
000 -LEADER
fixed length control field 00490nam a2200193Ia 4500
001 - CONTROL NUMBER
control field 62456
008 - FIXED-LENGTH DATA ELEMENTS--GENERAL INFORMATION
fixed length control field 141119s9999 xx 000 0 und d
020 ## - INTERNATIONAL STANDARD BOOK NUMBER
International Standard Book Number 9780415139113
040 ## - CATALOGING SOURCE
Transcribing agency PK-LaUMT
082 ## - DEWEY DECIMAL CLASSIFICATION NUMBER
Classification number 306.8743
Item number HOL-M
100 ## - MAIN ENTRY--PERSONAL NAME
Personal name Hollway, Wendy
245 ## - TITLE STATEMENT
Title Mothering and ambivalence
Statement of responsibility, etc Hollway, Wendy|Featherstone, Brid
260 ## - PUBLICATION, DISTRIBUTION, ETC. (IMPRINT)
Place of publication, distribution, etc London,UK:
Name of publisher, distributor, etc Routledge,
Date of publication, distribution, etc 1997
300 ## - PHYSICAL DESCRIPTION
Extent 200 p.
546 ## - LANGUAGE NOTE
Language note EN
650 ## - SUBJECT ADDED ENTRY--TOPICAL TERM
Topical term or geographic name as entry element Motherhood
700 ## - ADDED ENTRY--PERSONAL NAME
Personal name Featherstone, Brid
942 ## - ADDED ENTRY ELEMENTS (KOHA)
Koha item type Books
Holdings
Withdrawn status Lost status Damaged status Not for loan Home library Current library Date acquired Total Checkouts Full call number Barcode Date last seen Date checked out Price effective from Koha item type
        UMT Main Campus UMT Main Campus 2014-11-18 1 306.8743 HOL-M 83116 2026-06-10 2026-06-09 2014-11-20 Books